Statistics for Lana Del Rey - Taco Truck x VB

Click here to take the quiz!

General Stats

  • This quiz has been taken 15 times
  • The average score is 345 of 414

Answer Stats

Answer% Correct
go
100%
I
100%
If
100%
if
100%
it
100%
me
100%
Me
100%
the
100%
to
100%
we
100%
Wha-
100%
wha-
100%
what
100%
You
100%
you
100%
a
91%
and
91%
bang
91%
be
91%
Bitch)
91%
Bitch
91%
boyfriend
91%
call
91%
get
91%
God
91%
I'm
91%
(It's
91%
It's
91%
it's
91%
kiss
91%
kiss)
91%
Lanita
91%
"Lanita"
91%
lips
91%
lips)
91%
little
91%
love)
91%
love
91%
Met
91%
miss
91%
my
91%
My
91%
of
91%
(Oh
91%
Oh
91%
(On
91%
On
91%
on
91%
taco
91%
they
91%
too
91%
truck
91%
Venice
91%
We're
91%
we're
91%
When
91%
with
91%
your
91%
at
82%
baby
82%
back
82%
Back
82%
Blue
82%
bonita
82%
Callin'
82%
can
82%
crazy
82%
down
82%
feelin'
82%
garden
82%
gettin'
82%
high
82%
I'd
82%
I'll
82%
in
82%
(Jealous
82%
Jealous
82%
kids)
82%
kids
82%
like
82%
mine
82%
need
82%
neighborhood
82%
no)
82%
now
82%
older
82%
out,
82%
out
82%
Pass
82%
puff
82%
sick
82%
stoop
82%
take
82%
that
82%
that's
82%
us?
82%
vape
82%
violent
82%
weren't
82%
why
82%
about
73%
actually
73%
Although
73%
because
73%
better
73%
Blood
73%
Caribbean
73%
Carlito's
73%
clover
73%
come
73%
crimson
73%
diamonds
73%
Don't
73%
don't
73%
falling
73%
feet
73%
for
73%
fuck
73%
gave
73%
gotten
73%
Imagine
73%
into
73%
myself
73%
off
73%
over
73%
seems
73%
somethin'
73%
Spin
73%
talk
73%
Way
73%
weather
73%
whatever
73%
Wouldn't
73%
you're
73%
around
64%
baby's
64%
Before
64%
black
64%
Calling'
64%
(Calling
64%
chain
64%
Everything
64%
gold
64%
hanging
64%
hate
64%
heard
64%
I've
64%
know
64%
let
64%
Read
64%
saying
64%
should
64%
Signin'
64%
(Signin'
64%
street
64%
sweater
64%
'til
64%
town
64%
We'll
64%
white
64%
(Yeah)
64%
yeah)
64%
(Yeah
64%
yeah
64%
ah
55%
(Ah
55%
cream
55%
dancin'
55%
Everything's
55%
faze
55%
find
55%
pages
55%
Print
55%
says
55%
stop
55%
whip
55%
Reseda
45%
(Lake
36%
Placid)
36%
Mm
27%
mm
27%
ciao)
18%

Score Distribution

Percentile by Number Answered

Percent of People with Each Score

Your Score History

You have not taken this quiz